Rara! : (Record no. 12313)

MARC details
000 -LEADER
campo de control de longitud fija 02951cam a22006134a 4500
001 - NÚMERO DE CONTROL
campo de control 39212
005 - FECHA Y HORA DE LA ÚLTIMA TRANSACCIÓN
campo de control 20230410101710.0
008 - DATOS DE LONGITUD FIJA--INFORMACIÓN GENERAL
campo de control de longitud fija 010815s2002 caua bkq s001 0 eng
010 ## - NÚMERO DE CONTROL DE LA BIBLIOTECA DEL CONGRESO
Número de control de LC 2001005016
035 ## - NÚMERO DE CONTROL DEL SISTEMA
Número de control de sistema (OCoLC)ocm47863158
040 ## - FUENTE DE CATALOGACIÓN
Centro catalogador/agencia de origen DLC
Centro/agencia transcriptor DLC
Centro/agencia modificador UKM
-- C#P
-- MUQ
-- BAKER
-- BTCTA
-- IG#
015 ## - NÚMERO DE BIBLIOGRAFÍA NACIONAL
Número de bibliografía nacional GBA2-Y2508
019 ## -
-- 49737687
020 ## - NÚMERO INTERNACIONAL ESTÁNDAR DEL LIBRO
Número Internacional Estándar del Libro 0520228227 (cloth : alk. paper)
029 1# - OTRO NÚMERO DE CONTROL DE SISTEMA (OCLC)
Identificador de la biblioteca OCLC UKM
Número de control de sistema bA2Y2508
029 1# - OTRO NÚMERO DE CONTROL DE SISTEMA (OCLC)
Identificador de la biblioteca OCLC UKM
Número de control de sistema bA230774
029 1# - OTRO NÚMERO DE CONTROL DE SISTEMA (OCLC)
Identificador de la biblioteca OCLC NLGGC
Número de control de sistema 236446096
029 1# - OTRO NÚMERO DE CONTROL DE SISTEMA (OCLC)
Identificador de la biblioteca OCLC IG#
Número de control de sistema 0520228227
029 1# - OTRO NÚMERO DE CONTROL DE SISTEMA (OCLC)
Identificador de la biblioteca OCLC IG#
Número de control de sistema 0520228235
035 ## - NÚMERO DE CONTROL DEL SISTEMA
Número de control de sistema (OCoLC)47863158
Número de control cancelado/no válido (OCoLC)49737687
042 ## - CÓDIGO DE AUTENTICACIÓN
Código de autenticación pcc
043 ## - CÓDIGO DE ÁREA GEOGRÁFICA
Código de área geográfica nwht---
050 14 - SIGNATURA TOPOGRÁFICA DE LA BIBLIOTECA DEL CONGRESO
Número de clasificación 110 ML 3565
Número de ítem M478r 2002
082 00 - NÚMERO DE LA CLASIFICACIÓN DECIMAL DEWEY
Número de clasificación 784.4/97294
100 1# - ENTRADA PRINCIPAL--NOMBRE DE PERSONA
Nombre de persona McAlister, Elizabeth A.
245 10 - MENCIÓN DEL TÍTULO
Título Rara! :
Resto del título vodou, power, and performance in Haiti and its diaspora /
Mención de responsabilidad, etc. Elizabeth McAlister.
260 ## - PUBLICACIÓN, DISTRIBUCIÓN, ETC.
Lugar de publicación, distribución, etc. Berkeley :
Nombre del editor, distribuidor, etc. University of California Press,
Fecha de publicación, distribución, etc. 2002.
300 ## - DESCRIPCIÓN FÍSICA
Extensión xviii, 259 p. :
Otras características físicas ill. ;
Dimensiones 24 cm. +
Material acompañante/anejo 1 sound disc (digital ; 4 3/4 in.)
504 ## - NOTA DE BIBLIOGRAFÍA, ETC.
Nota de bibliografía, etc. Includes bibliographical references (p. 237-246), discography (p. 246-248), videography (p. 248), and index.
505 0# - NOTA DE CONTENIDO CON FORMATO
Nota de contenido con formato Introducing rara -- Work and play, pleasure and performance -- Vulgarity and the politics of the small man -- Mystical work : spirits on parade -- Rara and "the Jew" : premodern anti-Judaism in postmodern Haiti -- Rara as popular army : hierarchy, militarism, and warfare -- Voices under domination : rara and the politics of insecurity -- Rara in New York City : transnational popular culture.
650 #0 - PUNTO DE ACCESO ADICIONAL DE MATERIA--TÉRMINO DE MATERIA
Término de materia o nombre geográfico como elemento de entrada Rara Festival
Subdivisión general Songs and music
-- History and criticism.
650 #0 - PUNTO DE ACCESO ADICIONAL DE MATERIA--TÉRMINO DE MATERIA
Término de materia o nombre geográfico como elemento de entrada Voodoo music
Subdivisión geográfica Haiti
Subdivisión general History and criticism.
650 #0 - PUNTO DE ACCESO ADICIONAL DE MATERIA--TÉRMINO DE MATERIA
Término de materia o nombre geográfico como elemento de entrada Folk music
Subdivisión geográfica Haiti
Subdivisión general History and criticism.
650 #0 - PUNTO DE ACCESO ADICIONAL DE MATERIA--TÉRMINO DE MATERIA
Término de materia o nombre geográfico como elemento de entrada Folk songs, Creole
Subdivisión geográfica Haiti
Subdivisión general History and criticism.
650 #0 - PUNTO DE ACCESO ADICIONAL DE MATERIA--TÉRMINO DE MATERIA
Término de materia o nombre geográfico como elemento de entrada Haiti
Subdivisión general Social life and customs
Subdivisión cronológica 20th century.
650 #0 - PUNTO DE ACCESO ADICIONAL DE MATERIA--TÉRMINO DE MATERIA
Término de materia o nombre geográfico como elemento de entrada Haiti
Subdivisión general Social conditions
Subdivisión cronológica 1971-
650 #6 - PUNTO DE ACCESO ADICIONAL DE MATERIA--TÉRMINO DE MATERIA
Término de materia o nombre geográfico como elemento de entrada Rara (Fãete)
Subdivisión de forma Chants et musique
Subdivisión general Histoire et critique.
650 #6 - PUNTO DE ACCESO ADICIONAL DE MATERIA--TÉRMINO DE MATERIA
Término de materia o nombre geográfico como elemento de entrada Musique vaudoue
Subdivisión geográfica Haiti
Subdivisión general Histoire et critique.
650 #6 - PUNTO DE ACCESO ADICIONAL DE MATERIA--TÉRMINO DE MATERIA
Término de materia o nombre geográfico como elemento de entrada Musique folklorique
Subdivisión geográfica Haiti
Subdivisión general Histoire et critique.
650 #6 - PUNTO DE ACCESO ADICIONAL DE MATERIA--TÉRMINO DE MATERIA
Término de materia o nombre geográfico como elemento de entrada Chansons folkloriques crâeoles
Subdivisión geográfica Haiti
Subdivisión general Histoire et critique.
650 #6 - PUNTO DE ACCESO ADICIONAL DE MATERIA--TÉRMINO DE MATERIA
Término de materia o nombre geográfico como elemento de entrada Haiti
Subdivisión general Moeurs et coutumes
Subdivisión cronológica 20e siecle.
651 #6 - PUNTO DE ACCESO ADICIONAL DE MATERIA--NOMBRE GEOGRÁFICO
Nombre geográfico Haiti
Subdivisión general Conditions sociales
Subdivisión cronológica 1971-
650 #4 - PUNTO DE ACCESO ADICIONAL DE MATERIA--TÉRMINO DE MATERIA
Término de materia o nombre geográfico como elemento de entrada CEH
650 #4 - PUNTO DE ACCESO ADICIONAL DE MATERIA--TÉRMINO DE MATERIA
Término de materia o nombre geográfico como elemento de entrada Colección Estudios Haitianos
856 42 - LOCALIZACIÓN Y ACCESO ELECTRÓNICOS
Materiales especificados Contributor biographical information
Identificador Uniforme de Recursos <a href="http://www.loc.gov/catdir/bios/ucal052/2001005016.html">http://www.loc.gov/catdir/bios/ucal052/2001005016.html</a>
856 41 - LOCALIZACIÓN Y ACCESO ELECTRÓNICOS
Materiales especificados Table of contents
Identificador Uniforme de Recursos <a href="http://www.loc.gov/catdir/toc/ucal041/2001005016.html">http://www.loc.gov/catdir/toc/ucal041/2001005016.html</a>
856 42 - LOCALIZACIÓN Y ACCESO ELECTRÓNICOS
Materiales especificados Publisher description
Identificador Uniforme de Recursos <a href="http://www.loc.gov/catdir/description/ucal042/2001005016.html">http://www.loc.gov/catdir/description/ucal042/2001005016.html</a>
938 ## -
-- Baker & Taylor
-- BKTY
-- 24.95
-- 24.95
-- 0520228235
-- 0003791178
-- active
938 ## -
-- Baker & Taylor
-- BKTY
-- 60.00
-- 60.00
-- 0520228227
-- 0003791177
-- active
938 ## -
-- Baker and Taylor
-- BTCP
-- 2001005016
938 ## -
-- Ingram
-- INGR
-- 0520228235
942 ## - ELEMENTOS DE ENTRADA SECUNDARIOS (KOHA)
Fuente del sistema de clasificación o colocación Clasificación de Library of Congress
Tipo de ítem Koha
994 ## -
-- C0
-- DRFGD
Holdings
Estatus retirado Estado de pérdida Fuente del sistema de clasificación o colocación Estado de daño No para préstamo Colección Biblioteca de origen Biblioteca actual Ubicación en estantería Fecha de adquisición Serial enumeration / chronology Signatura topográfica completa Código de barras Visto por última vez Copia número Tipo de ítem Koha
    Clasificación de Library of Congress     Recursos Regionales Biblioteca Juan Bosch Biblioteca Juan Bosch Recursos Regionales (2do. Piso) 10/04/2023 1 110 ML 3565 M478r 2002 00000040594 23/10/2018 1